000
00377nam a2200169Ia 4500
005
20250508154222.0
008
008 250505s9999 xx 000 0 eng d
037
_a
Periodicals
040
_a
FEDL
_b
eng
_c
FEDL
041
_a
eng
_2
eng
084
_q
FEDL
245
0
_a
Teacher education
260
_c
1960
300
_a
81p.
942
_c
CR
999
_c
1348719
_d
1348719